Technicko-ekonomická štúdia modernizácie zvárania rámov mobilných stavebných strojov v ZŤS, š.p. Lučenec : Diplomová práca

Saved in:
Bibliographic Details
Main Author: Kovařík, Rudolf (Author)
Other Authors: Kozma, Ladislav (xxx)
Format: Manuscript Book
Language:Slovak
Published: Trnava : STU v Bratislave MtF KZv, 1999
Subjects:
Tags: Add Tag
No Tags, Be the first to tag this record!

MARC

LEADER 00000ntm a22000003a 4500
001 stu84904
005 20160719154904.8
008 040316s1999----xo------------------slo-d
040 |a STU  |b slo 
041 0 |a slo 
044 |a xo 
100 1 |a Kovařík, Rudolf  |4 aut 
245 1 |a Technicko-ekonomická štúdia modernizácie zvárania rámov mobilných stavebných strojov v ZŤS, š.p. Lučenec :  |b Diplomová práca 
260 |a Trnava :  |b STU v Bratislave MtF KZv,  |c 1999 
300 |a 64 s 
650 7 |a technológie strojárskej výroby  |2 stusub 
650 7 |a zváranie  |2 stusub 
700 1 |a Kozma, Ladislav  |4 xxx  |u M140  |T MTF Katedra zvárania  |X 1000601235  |U M140  |Y M140  |7 1000601235 
996 |b 284M058903  |c M*DP-2299  |l MMSKP  |s P  |a 0  |w stu84904_0001